Central Library OPAC University of Rajshahi
Normal view MARC view

Entry Personal Name

Number of records used in: 2

001 - CONTROL NUMBER

  • control field: 13040

003 - CONTROL NUMBER IDENTIFIER

  • control field: BD-RjUL

005 - DATE AND TIME OF LATEST TRANSACTION

  • control field: 20240516152934.0

008 - FIXED-LENGTH DATA ELEMENTS

  • fixed length control field: 240516|| aca||aabn | a|a d

040 ## - CATALOGING SOURCE

  • Original cataloging agency: BD-RjUL
  • Transcribing agency: BD-RjUL

100 ## - HEADING--PERSONAL NAME

  • Personal name: Ali, Anjuman Ara

670 ## - SOURCE DATA FOUND

  • Source citation: Work cat.: (BD-RjUL)83760: Ali, Anjuman Ara, Ontogeny of Macrobrachium Lamarrei (H. Milne Edwards,1837) (Decapoda:Palaemonidae) /, 2003